Isaac or Ishmael (Record no. 16958)

MARC details
000 -LEADER
fixed length control field 00601nam a2200241 a 4500
020 ## - INTERNATIONAL STANDARD BOOK NUMBER
ISBN 9788121210294
082 00 - DEWEY DECIMAL CLASSIFICATION NUMBER
Classification number 291
Author Cutter GHA
100 ## - MAIN ENTRY--AUTHOR NAME
Author name Ghauri, Abdus Sattar
245 ## - TITLE STATEMENT
Title Isaac or Ishmael
260 ## - PUBLICATION, DISTRIBUTION, ETC. (IMPRINT)
Place of publication New Delhi
Name of publisher Gyan Publishing House
Year of publication 2010
300 ## - PHYSICAL DESCRIPTION
Number of Pages 338p
500 ## - GENERAL NOTE
General note includes index and biblioraphy
505 2# - FORMATTED CONTENTS NOTE
Formatted contents note Bibliography, Index
650 ## - SUBJECT ADDED ENTRY--TOPICAL TERM
Topical Term Comparative Religion
650 ## - SUBJECT ADDED ENTRY--TOPICAL TERM
Topical Term Sacrifice
942 ## - ADDED ENTRY ELEMENTS (KOHA)
Koha item type Books
Holdings
Collection code Home library Current library Date acquired Cost, normal purchase price Full call number Accession Number Koha item type
  Henry Martyn Institute Library Henry Martyn Institute Library 02/03/2010 750.00 291 GHA 023117 Books
                   Copyright © 2026 | Henry Martyn Institute | Hyderabad | TS-500052 | INDIA | Implemented by hmi.edu.in
Hit-Count:

Powered by Koha